L’année 2023 - Statistiques

Statistiques générales
  • Ce quiz a été pris 290 fois
  • Le résultat moyen est 14 sur 28
Statistiques - réponses
Hint Réponse % Correct
Dans quel pays s’est déroulé une grève des scénaristes du 2 mai au 27 septembre 2023, paralysant les tournages ? États-unis
87%
Quel est le nouveau nom de Twitter depuis le 24 juillet 2023 ? X
86%
A combien l’âge légal de la retraite en France est-il depuis la promulgation de la nouvelle loi en avril 2023 ? 64 ans
83%
Quel pays est devenu le plus peuplé le 26 avril 2023 ? Inde
80%
Quel humoriste et comédien français a été impliqué dans un accident de voiture sous stupéfiants en février 2023 ? Pierre Palmade
77%
Comment s’appelait le jeune de 17 ans tué par un policier en France, déclenchant une vague d’émeutes pendant 8 jours ? Nahel
76%
Quelle chanteuse a performé lors du spectacle de la mi-temps du Super Bowl, elle a annoncé sa grossesse en même temps ? Rihanna
75%
Qui a remporté la Coupe du monde de rugby à XV cette année ? Afrique du Sud
74%
Dans quel pays des partisans de Bolsonaro ont ils envahis la place des Trois Pouvois le 8 janvier 2023 ? Brésil
65%
Quel pays a gagné la Coupe du Monde de football féminine 2023 ? Espagne
60%
Quelle émission a fait beaucoup parler cette année avec des enquêtes sur Cyril Hanouna, Depardieu ou le Puy du Fou ? Complément d’enquête
57%
Comment s’appelle le petit garçon qui a disparu dans Le Vernet depuis le 8 juillet 2023 ? Émile
54%
Qui est devenu champion du monde de Formule 1 pour la 3ème année consécutive ? Max Verstappen
54%
Avec la Syrie, quel autre pays a été touché par des séismes tuant plus de 50 000 personnes le 6 février 2023 ? Turquie
53%
A quelle date a eu lieu l’attaque du Hamas contre Israël ? 7 octobre 2023
49%
Dans quel pays, un séisme de magnitude 7 a tué environ 3 000 personnes le 8 septembre 2023 ? Maroc
48%
Quelle chanteuse a interprété le titre Dance the Night, premier single du film Barbie sortie le 26 mai 2023 ? Dua Lipa
46%
Dans quelle ville de France a eu lieu une attaque au couteau touchant principalement des enfants le 8 juin 2023 ? Annecy
39%
Quel pays a attaqué le Haut-Karabagh le 19 septembre 2023 ? Azerbaïdjan
34%
Quelle chanteuse américaine connue pour des titres comme « The Best » ou « Proud Mary » est morte cette année ? Tina Turner
34%
Quel ancien président du Conseil des Ministres d’Italie est mort cette année ? Silvio Berlusconi
33%
Qui est la personnalité de l’année selon Time Magazine ? Taylor Swift
23%
Comment s’appelle le nouveau président argentin ? Javier Milei
21%
Comment s’appelle le chef du groupe Wagner qui s’est rebellé contre le gouvernement russe puis est mort en avion ? Evgueni Prigojine
20%
Comment s’appelle le nouveau jeu Zelda sortie cette année ? The Legend of Zelda: Tears of the Kingdom
17%
Dans quelle commune des Deux-Sèvres, y’a t’il eu une manifestation contre une mégabassine en mars 2023 ? Sainte-Soline
14%
Dans quelle commune de Drôme, la mort de Thomas dans une bagarre le 18 novembre 2023 a fait grand bruit ? Crépol
9%
Comment s’appelle la tempête qui a touché les régions nord-ouest le 2 novembre 2023 causant la mort de 3 personnes ? Ciarán
4%
Aucun quiz correspondant
Distribution des résultats
% des personnes avec chaque résultat
Percentile par nombre de réponses
Votre historique - résultats
Vous n’avez pas pris ce quiz